| 000 | 01122nam a2200289zi 4500 | ||
|---|---|---|---|
| 003 | URS | ||
| 005 | 20220117090713.0 | ||
| 008 | 190416s1976 ph ||||| |||| 001 0 eng | | ||
| 040 |
_cURS _erda _aURS _beng _dURS |
||
| 050 | 1 | 0 |
_aN 5300 _bAr756 1976 |
| 100 | 1 |
_aOrtiz, Ma. Aurora R., _eauthor |
|
| 245 | 1 | 0 |
_aArt : _bperception and appreciation / _cMa. Aurora R. Ortiz, Teresita E. Erestain, Alice G. Guillermo, Myrna C. Montano, Santiago A. Pilar |
| 264 | 1 |
_aManila, Philippines : _bUniversity of the East, _c[date of publication not identified] |
|
| 264 | 4 | _c©1976 | |
| 300 |
_axii, 340 pages ; _c25 cm |
||
| 336 |
_2rdacontent _atext _btxt |
||
| 337 |
_2rdamedia _aunmediated _bn |
||
| 338 |
_2rdacarrier _avolume _bnc |
||
| 504 | _aIncludes bibliographical references and index. | ||
| 524 | _aOrtiz and others (1976). Art : perception and appreciation. Manila, Philippines: University of the East. | ||
| 650 | 0 |
_aArt _xHistory |
|
| 700 | 1 |
_aErestain, Teresita E., _eauthor |
|
| 700 | 1 |
_aGuillermo, Alice G., _eauthor |
|
| 700 | 1 |
_aMontano, Myrna C., _eauthor |
|
| 700 | 1 |
_aPilar, Santiago A., _eauthor |
|
| 942 |
_2lcc _cF |
||
| 999 |
_c6166 _d6166 |
||